| 000 | 00401nam a2200145Ia 4500 | ||
|---|---|---|---|
| 008 | 231129s2003||||xx |||||||||||||| ||spa|| | ||
| 020 | _a958-30-0336-0 | ||
| 040 | _bspa | ||
| 082 | _a(i) Co863 N716p | ||
| 100 | _aNiño Jairo Aníbal | ||
| 245 | 0 | _aLos papeles del Miguela | |
| 260 | _c2003 | ||
| 264 | _aBogotá Colombia : Panamericana | ||
| 942 |
_2ddc _cBKS |
||
| 999 |
_c19926 _d19926 |
||